Georgian Group (Record no. 119489)

MARC details
000 -LEADER
fixed length control field 00823cam a2200193 4500
001 - CONTROL NUMBER
control field WS106551
008 - FIXED-LENGTH DATA ELEMENTS--GENERAL INFORMATION
fixed length control field 000000n 000 0 eng u
035 ## - SYSTEM CONTROL NUMBER
System control number (Sirsi) u106551
110 ## - MAIN ENTRY--CORPORATE NAME
Corporate name or jurisdiction name as entry element Georgian Group
9 (RLIN) 3185
245 ## - TITLE STATEMENT
Title Georgian Group
520 ## - SUMMARY, ETC.
Summary, etc. Site for this organisation which aims to save Georgian buildings, monuments, parks and gardens from destruction and to encourage their repair or restoration. The site includes casework reports.
650 0# - SUBJECT ADDED ENTRY--TOPICAL TERM
Topical term or geographic name entry element GEORGIAN PROPERTY
650 ## - SUBJECT ADDED ENTRY--TOPICAL TERM
Topical term or geographic name entry element REPAIRS
650 ## - SUBJECT ADDED ENTRY--TOPICAL TERM
Topical term or geographic name entry element BUILT ENVIRONMENT-BUILDING MAINTENANCE AND REFURBISHMENT
650 ## - SUBJECT ADDED ENTRY--TOPICAL TERM
Topical term or geographic name entry element ORGANISATION
690 ## - LOCAL SUBJECT ADDED ENTRY--TOPICAL TERM (OCLC, RLIN)
Topical term or geographic name as entry element BUILT ENVIRONMENT-BUILDING MAINTENANCE AND REFURBISHMENT-BUILDING CONSERVATION
856 40 - ELECTRONIC LOCATION AND ACCESS
Uniform Resource Identifier <a href="https://www.georgiangroup.org.uk">https://www.georgiangroup.org.uk</a>
Public note View the website free of charge at www.georgiangroup.org.uk...
942 ## - ADDED ENTRY ELEMENTS (KOHA)
Suppress in OPAC 0
Holdings
Withdrawn status Lost status Source of classification or shelving scheme Damaged status Not for loan Home library Current library Shelving location Date acquired Total Checkouts Full call number Barcode Date last seen Copy number Price effective from Koha item type
    Dewey Decimal Classification     Virtual Virtual Online 19/06/2000   WEB SITE 106551-2001 06/08/2019 1 06/08/2019 Online material